000 00368 a2200133 4500
001 ART_12844
005 20260410161733.0
008 260409a
245 1 0 _aLos días de mayo
100 1 _aSzewach, Enrique
700 1 _aBotana, Natalio
700 1 _aBlasco, Eduardo
773 0 _tEjecutivos de finanzas
_g- Año 7, Nº 55 (may. 1989)
_wREV2863
999 _c18073
_d18073